| 000 | 00729cam a22002413a 4500 | ||
|---|---|---|---|
| 001 | 38587 | ||
| 003 | PGUSA | ||
| 005 | 20140828083842.0 | ||
| 008 | 120115s2012||||xxu|||||s|||||000 | eng d | ||
| 040 |
_aPGUSA _beng |
||
| 042 | _adc | ||
| 050 | 4 | _aD501 | |
| 100 | 1 |
_aHendrick, Burton Jesse, _d1870-1949 |
|
| 245 | 1 | 4 |
_aThe Victory At Sea _h[electronic resource] / _cBurton Jesse Hendrick |
| 260 |
_bProject Gutenberg, _c2012 |
||
| 506 | _aPublic domain in the USA. | ||
| 516 | _aElectronic text | ||
| 653 | _aWorld War, 1914-1918 -- Naval operations -- Submarine | ||
| 653 | _aWorld War, 1914-1918 -- United States | ||
| 830 | 0 |
_aProject Gutenberg _v38587 |
|
| 856 | 4 | 0 | _uhttp://www.gutenberg.org/ebooks/38587 |
| 942 | _cEB | ||
| 999 |
_c267841 _d267841 |
||